<?xml version="1.0" encoding="UTF-8"?>
<record
    xmlns:xsi="http://www.w3.org/2001/XMLSchema-instance"
    xsi:schemaLocation="http://www.loc.gov/MARC21/slim http://www.loc.gov/standards/marcxml/schema/MARC21slim.xsd"
    xmlns="http://www.loc.gov/MARC21/slim">

  <leader>00800cam a22002171  4500</leader>
  <controlfield tag="001">ne 68004775 </controlfield>
  <controlfield tag="003">DLC</controlfield>
  <controlfield tag="005">20260227111851.0</controlfield>
  <controlfield tag="008">890118q19009999ua b          000 0 ara  </controlfield>
  <datafield tag="010" ind1=" " ind2=" ">
    <subfield code="a">ne 68004775 </subfield>
  </datafield>
  <datafield tag="035" ind1=" " ind2=" ">
    <subfield code="a">(OCoLC)19031405</subfield>
  </datafield>
  <datafield tag="040" ind1=" " ind2=" ">
    <subfield code="a">DLC</subfield>
    <subfield code="c">TxU</subfield>
    <subfield code="d">TxU</subfield>
    <subfield code="d">DLC</subfield>
  </datafield>
  <datafield tag="042" ind1=" " ind2=" ">
    <subfield code="a">premarc</subfield>
  </datafield>
  <datafield tag="050" ind1="0" ind2="0">
    <subfield code="a">DS44</subfield>
    <subfield code="b">.S32</subfield>
  </datafield>
  <datafield tag="100" ind1="1" ind2=" ">
    <subfield code="a">&#x1E62;ayy&#x101;d, Mu&#x1E25;ammad Ma&#x1E25;m&#x16B;d.</subfield>
  </datafield>
  <datafield tag="245" ind1="1" ind2="0">
    <subfield code="a">Jughr&#x101;f&#x12B;yat al-wa&#x1E6D;an al-&#x2BB;Arab&#x12B;,</subfield>
    <subfield code="b">dir&#x101;sah f&#x12B; al-wa&#x1E0D;&#x2BB; al-&#x1E6D;ab&#x12B;&#x2BB;&#x12B; wa-al-bin&#x101;&#x2BC; al-iqti&#x1E63;&#x101;d&#x12B; wa al-takw&#x12B;n al-bashar&#x12B;.</subfield>
    <subfield code="c">Ta&#x2BC;l&#x12B;f Mu&#x1E25;ammad Ma&#x1E25;m&#x16B;d al-&#x1E62;ayy&#x101;d.</subfield>
  </datafield>
  <datafield tag="260" ind1=" " ind2=" ">
    <subfield code="a">[al-Q&#x101;hirah]</subfield>
    <subfield code="b">J&#x101;mi&#x2BB;at al-Duwal al-&#x2BB;Arabiyah, Ma&#x2BB;had al-Bu&#x1E25;&#x16B;th wa-al-Dir&#x101;s&#x101;t al-&#x2BB;Arab&#x12B;yah</subfield>
    <subfield code="c">[19--</subfield>
  </datafield>
  <datafield tag="300" ind1=" " ind2=" ">
    <subfield code="a">v.</subfield>
    <subfield code="b">maps</subfield>
    <subfield code="c">24 cm.</subfield>
  </datafield>
  <datafield tag="505" ind1="1" ind2=" ">
    <subfield code="a">--Juz&#x2BC;2. al-Zir&#x101;&#x2BB;ah--</subfield>
  </datafield>
  <datafield tag="651" ind1=" " ind2="0">
    <subfield code="a">Arab countries.</subfield>
  </datafield>
  <datafield tag="999" ind1=" " ind2=" ">
    <subfield code="c">51148</subfield>
    <subfield code="d">51148</subfield>
  </datafield>
</record>
